La Izquierda latinoamericana a comienzos del siglo XXI: nuevas realidades y urgentes desafíos /

Salvato in:
Dettagli Bibliografici
Autore principale: Boron, Atilio A.
Natura: testo
Tags: Aggiungi Tag
Nessun Tag, puoi essere il primo ad aggiungerne!!

MARC

LEADER 00000 a a2200000 04500
001 11012
003
040
100 |a Boron, Atilio A.  
245 |a La Izquierda latinoamericana a comienzos del siglo XXI:   |b nuevas realidades y urgentes desafíos /  |c Atilio A. Boron 
773 |g volumen 5, número 13; páginas 41-56  
999 |c 27356  |d 27356